La historia de Sumitra / (Registro nro. 10954)

Detalles MARC
000 -LIDER
fixed length control field 00954nam a22003137a 4500
001 - NÚMERO DE CONTROL
Identificador de número de control 000404
003 - IDENTIFICACDOR DE NÚMERO DE CONTROL
control field DO-SdBNP
005 - DATE AND TIME OF LATEST TRANSACTION
control field 20171120104714.0
007 - CAMPOS FIJOS DE DESCRIPCIÓN FÍSICA
fixed length control field 000404
008 - ELEMENTOS DE LONGITUD FIJA
fixed length control field 160720b 1991 sp ||||| |||| 00| 0 spa d
020 ## - ISBN
International Standard Book Number 8422635461
040 ## - FUENTE DE CATALOGACIÓN
Agencia que crea de manera original el registro BPMSU
Idioma de catalogación spa
Agencia que realiza la transcripción BPMSU
082 #4 - NÚMERO DE CLASIFICACIÓN DECIMAL DE DEWEY
Classification number 823
Item number S64h
100 1# - ASIENTO PRINCIPAL -- NOMBRE PERSONAL
Nombre personal Smith, Rukshana,
Fechas asociadas con el nombre 1948-
240 10 - TITULO UNIFORME
Título uniforme Sumitra's story.
Idioma de una obra Español
245 10 - MENCIÓN DE TITULO
Título La historia de Sumitra /
Mención de responsabilidad Rukshana Smith ; traducción de Pedro Barbadillo.
260 ## - PUBLICACIÓN, DISTRIBUCIÓN, ETC. (PIE DE IMPRENTA)
Lugar de publicación, distribución, etc Barcelona :
Nombre del editor, distribuidor, etc. Círculo de Lectores,
Fecha de publicación, distribución, etc 1991.
300 ## - DESCRIPCIÓN FÍSICA
Extensión 207 p. ;
Dimensiones 21 cm.
490 1# - MENCIÓN DE SERIES
Mención de serie Onda joven
500 ## - NOTA GENERAL
Nota general Incluye datos biográficos de la autora en las solapas
650 #4 - ENCABEZAMIENTO DE MATERIA--TEMÁTICO
Término temático o nombre geográfico como elemento de entrada NOVELA INGLESA
650 #4 - ENCABEZAMIENTO DE MATERIA--TEMÁTICO
Término temático o nombre geográfico como elemento de entrada LITERATURA INGLESA
700 12 - ASIENTO SECUNDARIO -- NOMBRE PERSONAL
Nombre personal Barbadillo, Pedro,
Mención de responsabilidad tr.
830 #0 - ASIENTO SECUNDARIO DE SERIE--TÍTULO UNIFORME
Título uniforme Onda joven
910 ## - VALIDACIÓN
Validación Validado. Control de validad MFF
942 ## - ADDED ENTRY ELEMENTS (KOHA)
Source of classification or shelving scheme Dewey Decimal Classification
Koha item type Libros
945 ## - INFORMACIÓN DE PROCESAMIENTO LOCAL
Información de procesamiento local Inventariado, 2017/MFF
956 ## - LOCAL ELECTRONIC LOCATION AND ACCESS (OCLC)
Método de acceso LOPEREZ
Materiales especificados 10
Enlace 20160720
Campo enlazado y núm. de secuencia BPMSU
Nombre de host 00041
Existencias
Withdrawn status Lost status Source of classification or shelving scheme Damaged status Not for loan Collection code Home library Current library Date acquired Source of acquisition Total Checkouts Full call number Barcode Date last seen Price effective from Koha item type
    Dewey Decimal Classification     Colección General Biblioteca Pública Metropolitana Salomé Ureña Biblioteca Pública Metropolitana Salomé Ureña 07/20/2016 FUNDI   823 S642h BPMSU16070553 07/20/2016 07/20/2016 Libros